000 00379nam a2200157 i 4500
001 bg
100 1 _aCLARK, Keith L.
245 0 _aMicro-Prolog /
_cKeith L. Clark, Frank G. McCabe.
260 _aWarszwa,
_c1988.
700 1 _aMcCABE, Frank G.
040 _cBPK
041 _apol
080 _a681.322.06:519.682
942 _cKS
008 s pl f |000 0 pol
999 _c28671
_d28671
856 _uhttp://koha.tu.koszalin.pl/cgi-bin/koha/opac-detail.pl?biblionumber=28671
_yKatalog online BPK